000 01243nam a2200313 a 4500
001 ebr10720689
003 CaPaEBR
006 m o u
007 cr cn|||||||||
008 130621s2013 nju s 001 0 eng d
020 _z9781118670026
020 _z9781118670064 (e-book)
040 _aCaPaEBR
_cCaPaEBR
035 _a(OCoLC)852983747
050 1 4 _aK656
_b.H67 2013eb
100 1 _aHopkins, Bruce R.
245 1 4 _aThe Bruce R. Hopkins nonprofit law library
_h[electronic resource] /
_cBruce R. Hopkins.
246 1 4 _aBruce R. Hopkins nonprofit law library :
_bessential questions and answers
260 _aHoboken, N.J. :
_bWiley,
_c2013.
300 _axxxviii, 426 p.
490 1 _aWiley nonprofit authority
500 _aIncludes index.
533 _aElectronic reproduction.
_bPalo Alto, Calif. :
_cebrary,
_d2013.
_nAvailable via World Wide Web.
_nAccess may be limited to ebrary affiliated libraries.
650 0 _aNonprofit organizations
_xLaw and legislation.
655 7 _aElectronic books.
_2local
710 2 _aebrary, Inc.
830 0 _aWiley nonprofit authority series.
856 4 0 _uhttp://site.ebrary.com/lib/rucke/Doc?id=10720689
_zAn electronic book accessible through the World Wide Web; click to view
999 _c38801
_d38801